| 000 | 00414cam a22001337a 4500 | ||
|---|---|---|---|
| 008 | 180718b xxu||||| |||| 00| 0 eng d | ||
| 082 | _aY73x54 Si64p. | ||
| 100 | _aSingh, Kr. Raghavendra | ||
| 245 |
_aA pocket book of Indian pheasants _cby Kr Raghavendra Singh and Kr Suresh Singh |
||
| 260 |
_aDehradun _bWildlife Institute of India _c |
||
| 300 | _a35p. | ||
| 650 | _aPheasants - India | ||
| 700 | _aSingh, Kr. Suresh | ||
| 999 |
_c400150 _d400150 |
||